000 00481nam a2200193Ia 4500
005 20250423095302.0
008 250422s9999 xx 000 0 und d
020 _a9780273716464
050 _aHD 58.7 .M8493/
100 _aMullins, Laurie J.
245 0 _aEssentials of organisational behaviour
250 _a2nd ed.
260 _aHarlow
260 _bPrentice Hall
260 _c2008
300 _a517 p
650 _aOrganizational behavior. Management.
942 _cBK
999 _c29809
_d29809